00604cam a2200181 a 4500020001500000040000800015082002600023245002700049260008100076300003300157650002800190700002200218700001900240700002300259700002200282856006300304856005500367 a0521304555 cDLC00a339 CAM 1986 A076 Or.00aEquilibrium analysis / aCambridge [Cambridgeshire] ;aNew York :bCambridge University Press,c1986. axx, 318 p. :bill. ;c24 cm. 0aEquilibrium (Economics)1 aHeller, Walter P.1 aStarr, Ross M.1 aStarrett, David A.1 aArrow, Kenneth J.42uhttp://www.loc.gov/catdir/description/cam023/86011693.html41uhttp://www.loc.gov/catdir/toc/cam029/86011693.html